000 00357nam a2200157Ia 4500
003 0STCL
008 150530s9999 xx 000 0 und d
040 _aSTCL
_cSTCL
100 _aStern, G.B.
245 _aRobert Louis Stevenson
260 _bBritish Council
_c1971
546 _aEnglish
942 _2ddc
_cBK
999 _c51227
_d51227
005 20220125170837.0